| 000 | 00488nam a2200169Ia 4500 | ||
|---|---|---|---|
| 008 | 230718s9999 xx 000 0 und d | ||
| 020 | _a9789351104209 | ||
| 041 | _aeng | ||
| 082 |
_a005.678 _bSHE |
||
| 100 |
_aShenoy A. _9195891 |
||
| 245 | _aHTML 5 And CSS3 Transition, Transformation, And Animation | ||
| 260 |
_c2013 _bPackt/SPD |
||
| 300 | _a118 | ||
| 365 |
_cRs. _b275.00 |
||
| 700 |
_aShenoy A. & Guarini G. _9195892 |
||
| 906 |
_dO:0379903-Mar-2014B:486802-Jan-2014 _cCOMP _b60.5 |
||
| 999 |
_c335619 _d335619 |
||